000 00285nam a2200133Ia 4500
005 20251222140107.0
008 251222s1900||||xx |||||||||||||| ||spa||
020 _a8424914266
082 _a185/A72R
100 _aAristóteles
245 0 _aRetórica
264 _bGredos
942 _cLIB
999 _c4148
_d4148